ბათუმის შოთა რუსთაველის სახელმწიფო უნივერსიტეტის ბიბლიოთეკა

რჩეული პროზა / (ბიბ.ჩანაწერი № 59212)

000 -ლიდერი
ფიქსირებული სიგრძის საკონტროლო ველი 01002nam a22002057a 4500
003 - საკონტროლო ნომრის იდენტიფიკატორი
საკონტროლო ველი Ge_BSU
005 - ბოლო ოპერაციის თარიღი და დრო
საკონტროლო ველი 20221214134702.0
008 - ფიქსირებული სიგრძის მონაცემთა ელემენტები - ზოგადი ინფორმაცია
ფიქსირებული სიგრძის საკონტროლო ველი 221214s1983ge xxu||||| |||| 00| 0 geo d
041 ## - ენის კოდი
Language code of text/sound track or separate title geo
080 ## - უნივერსალური ათობითი კლასიფიკაციის ინდექსი
Universal Decimal Classification number 821.133.1.09 ვ-16
100 ## - მთავარი ჩანაწერი - პიროვნების სახელი
Personal name ვალერი, პოლ, ავტ.
9 (RLIN) 16404
245 ## - ცნობა სათაურის შესახებ
Title რჩეული პროზა /
Statement of responsibility, etc პოლ ვალერი ; ინასიტყვ. ავტ.: ა. მორუა ; ფრანგ. თარგმნა ბ. ბრეგვაძემ.
250 ## - გამოცემის ცნობა
Edition statement 1-ლი გამოც.
264 ## - წარმოების, გამოცემის, დისტრიბუციის და სხვა ცნობები
გამოცემის, წარმოების, დისტრიბუციის... ადგილი თბილისი :
გამოცემის, წარმოების, დისტრიბუციის... სახელწოდება ნაკადული,
გამოცემის, წარმოების, დისტრიბუციის... თარიღი 1983.
300 ## - ფიზიკური აღწერა
Extent 393 გვ. ;
Other physical details 22 სმ.
653 ## - INDEX TERM--UNCONTROLLED
Uncontrolled term ფრანგული ლიტერატურის ისტორია და კრიტიკა.
700 ## - ADDED ENTRY--PERSONAL NAME
Personal name მორუა, ა
Relator term წინასიტყვაობის ავტორი
9 (RLIN) 16405
700 ## - ADDED ENTRY--PERSONAL NAME
Personal name ბრეგვაძე, ბ
Relator term მთარგმნელი
9 (RLIN) 15988
942 ## - ADDED ENTRY ELEMENTS (KOHA)
Source of classification or shelving scheme
Koha item type წიგნი
ეგზემპლარები
ჩამოწერის სტატუსი დაკარგული ეგზემპლარის სტატუსი კლასიფიკაციის წყარო ან თაროზე გაწყობის სქემა დაზიანების სტატუსი არ გაიცემა მუდმივი მდებარეობა (დაცვის ადგილი) ამჟამინდელი ადგილსამყოფელი თაროზე განთავსების ადგილი შეძენის თარიღი ღირებულება, შესყიდვის ნორმალური ფასი სრული შენახვის შიფრი შტრიხკოდი ბოლო ოპერაციის თარიღი ეგზემპლარის მიმდევრობითი ნომერი (კეტერი?) ფასის ძალაში შესვლის თარიღი ეგზემპლარის სახეობა საჯარო შენიშვნა
          ბათუმის შოთა რუსთაველის სახელმწიფო უნივერსიტეტის მთავარი ბიბლიოთეკა ბათუმის შოთა რუსთაველის სახელმწიფო უნივერსიტეტის მთავარი ბიბლიოთეკა წიგნსაცავი 2022-12-14 7.00 821.133.1.09 ვ-16 63300 2022-12-14 63300 2022-12-14 წიგნი 7.00